Culture Générale - Série 2642 - Statistiques

Statistiques générales
  • Ce quiz a été pris 83 fois
  • Le résultat moyen est 4 sur 10
Statistiques - réponses
Question Réponse % Correct
Au judo, de quelle couleur est la ceinture qui précède la ceinture marron ? bleue
67%
Dans quelle gare parisienne se situe le célèbre restaurant "Le train bleu" ? gare de Lyon
56%
A quel pays la Russie a-t-elle cédé les îles Kouriles en 1875 ? Japon
50%
Dans quel film de Yann Moix, Benoît Poelvoorde joue-t-il le rôle de Bernard Frédéric, sosie de Claude François ? podium
46%
Quel est le prénom de la laitière de La Fontaine ? Perrette
41%
Quel instrument de musique est installé dans le salon du Nautilus de Jules Verne ? orgue
37%
Qui a écrit "La femme est l'avenir de l'homme " ? prénom et nom Louis Aragon
29%
Quel est le gros arbre dont le fruit est appelé "pain de singe" ? baobab
21%
A quel poète doit-on "Les fêtes galantes" ? Paul Verlaine
3%
Dans quel pays peut-on gravir les 350 m de sable rouge des dunes de Sossusvlei, les plus hautes du monde ? Namibie
0%
Aucun quiz correspondant
Distribution des résultats
% des personnes avec chaque résultat
Percentile par nombre de réponses
Votre historique - résultats
Vous n’avez pas pris ce quiz